Estudio de Cinética y Curva característica de secado de Banano, Noni y Papaya en un secador de Túnel.

Presenta un estudio de la cinética de secado de tres vegetales: banano, noni y papaya. El trabajo consiste en la realización de una serie de experimentos en un secador de túnel, la construcción de las curvas de secado correspondientes a cada experimento.

Bibliographic Details
Main Author: Gutiérrez García, Kevin Josías
Other Authors: Tutor: Gamero, Rafael
Format: Tesis Section = Libro
Language:Undetermined
Spanish
Published: Managua UNI 2019
Subjects:
LEADER 01002nam a2200241Ia 4500
008 240830s9999 xx 000 0 und d
040 |a CEDOC DACA-RUSB / Mon 660.28426 G984 
041 |a spa 
082 |a Mon 660.28426 G984 
100 1 |a Gutiérrez García, Kevin Josías 
245 1 0 |a Estudio de Cinética y Curva característica de secado de Banano, Noni y Papaya en un secador de Túnel. 
260 |a Managua  |b UNI  |c 2019 
300 |a 76 p. :il 
502 |a Tesis (Ingeniero Químico) -UNI, 2019. 
520 3 |a Presenta un estudio de la cinética de secado de tres vegetales: banano, noni y papaya. El trabajo consiste en la realización de una serie de experimentos en un secador de túnel, la construcción de las curvas de secado correspondientes a cada experimento. 
650 7 |a CINETICA 
650 7 |b  PROCESO DE SECADO 
650 7 |c  SECADO DE FRUTAS 
650 7 |d  PRODUCTOS ALIMENTICIOS. 
700 1 |a Tutor:  |b Gamero, Rafael 
942 |c BK  |2 ddc 
991 |a TESIS 
999 |c 26384